000 01285cam a2200133 4500500
005 20260405065133.0
041 _afre
042 _adc
100 1 0 _aLe Camus, Jean
_eauthor
245 0 0 _aComment être père aujourd'hui
260 _bOdile Jacob,
_c2005.
520 _aVoilà quelques années déjà qu’on dénonce la trop fréquente absence des pères, qu’on parle de raréfaction, de crépuscule, de disparition, de déroute. Pour Jean Le Camus, au contraire, les pères sont là et bien là ; ils n’ont même jamais été aussi présents et impliqués auprès de leurs enfants. La vraie transformation est ailleurs, dans le fait que, aujourd’hui, les hommes ont le choix entre plusieurs modèles de paternité. Quels sont donc les grands types de pères qui prédominent aujourd’hui ? Quelles sont leurs caractéristiques, leurs forces, leurs faiblesses ? Quelle place laissent-ils à la mère ? Et qu’apportent-ils chacun au bien-être et à l’équilibre de l’enfant ? Psychologue, professeur émérite des universités, Jean Le Camus est spécialiste du développement du petit enfant. Il a notamment publié Le Vrai Rôle du père.
856 4 1 _uhttps://shs.cairn.info/comment-etre-pere-aujourd-hui--9782738114327?lang=fr&redirect-ssocas=7080
999 _c2193559
_d2193559